|
|
|
|
| LEADER |
01452nam a22002657i 4500 |
| 005 |
20220301140859.0 |
| 008 |
170126s1994 gr ||||f |||| 00| 0 gre d |
| 952 |
|
|
|0 0
|1 0
|2 ddc
|4 0
|6 616_690000000000000_UZA
|7 0
|9 209239
|a LISP
|b LISP
|c DON
|d 2017-01-26
|e ΒΑΛ
|i 127490
|l 0
|o 616.69 UZA
|p 025000245410
|r 2017-01-26 00:00:00
|t 1
|v 2017.00
|w 2017-01-26
|y BK15
|
| 999 |
|
|
|c 127305
|d 127305
|
| 020 |
|
|
|a 960211195X
|
| 040 |
|
|
|a GR-PaULI
|b gre
|c GR-PaULI
|e AACR2
|
| 041 |
1 |
|
|a gre
|h fre
|
| 082 |
0 |
4 |
|2 23
|a 616.69
|
| 100 |
1 |
|
|9 159599
|a M' Uzan, Michel de,
|d 1921-
|e συγγραφέας
|
| 245 |
1 |
2 |
|a Η "άλλη" σεξουαλικότητα :
|b επτά ψυχοναλυτικά δοκίμια για τις σεξουαλικές διαστροφές /
|c Michel de M'Uzan... [και ά.] ; μετάφραση Λεία Τριανταφύλλου, Δροσούλα Τσαρμάκλη.
|
| 260 |
|
|
|a Αθήνα :
|b Νεφέλη,
|c 1994.
|
| 300 |
|
|
|a 248, [1] σ. ;
|c 22 εκ.
|
| 490 |
1 |
|
|a Βιβλία για την ψυχανάλυση ;
|v 5
|
| 650 |
|
4 |
|9 47202
|a Σεξουαλικές αποκλίσεις
|
| 700 |
1 |
|
|9 159610
|a Τριανταφύλλου, Λεία
|e μεταφράστρια
|
| 700 |
1 |
|
|9 159611
|a Τσαρμάκη, Δροσούλα
|e μεταφράστρια
|
| 765 |
0 |
8 |
|i Μετάφραση του:
|t La sexualite perverse
|
| 830 |
|
0 |
|9 159612
|a Βιβλία για την ψυχανάλυση (Νεφέλη)
|v 5.
|
| 942 |
|
|
|2 ddc
|c BK15
|
| 998 |
|
|
|c ΛΟΤΣΑΡΗ
|d 2017-01
|